| 000 | 01091 a2200241 4500 | ||
|---|---|---|---|
| 003 | Nust | ||
| 005 | 20220819090112.0 | ||
| 010 | _a 2003104779 | ||
| 020 | _a076454778x | ||
| 040 | _cNust | ||
| 082 | 0 | 0 | _a005.3,NEG |
| 100 | 1 |
_aNegus, Chris, _998172 |
|
| 245 | 1 | 0 |
_aRed Hat Linux 7 bible / (Include CD) / _cChristopher Negus. |
| 260 |
_aIndianapolis, IN : _bWiley Pub., _cc2003. |
||
| 300 |
_axxx, 874 p. : _bill. ; _c24 cm. + _e3 CD-ROMs (4 3/4 in.) |
||
| 505 | _aPart 1:- Getting started with Red Hat Linux (Page-1), Part 2:- Using Red Hat Linux (Page-59), Part 3:- Administering Red Hat Linux (Page-329), Part 4:- Red Hat Linux Network and server Setup (Page-531). | ||
| 650 | 0 | _aOperating systems (Computers) | |
| 651 |
_a(02 X Include CD) _996966 |
||
| 856 | 4 | 2 |
_3Contributor biographical information _uhttp://www.loc.gov/catdir/bios/wiley046/2003104779.html |
| 856 | 4 | 2 |
_3Publisher description _uhttp://www.loc.gov/catdir/description/wiley039/2003104779.html |
| 856 | 4 | 2 |
_3Table of contents _uhttp://www.loc.gov/catdir/toc/wiley032/2003104779.html |
| 942 |
_2ddc _cBK _k005.3,NEG |
||
| 999 |
_c180439 _d180439 |
||